00631nam a2200193Ia 4500008004100000020001300041082001700054100002200071245005700093250000800150260004100158300002900199500001900228600003400247650001500281942000700296952011900303999001500422240925s9999 xx 000 0 und d a72865466 a621.3822 MIT aMitra , Sanjit K 0aDigital Signal Processing: a computer based approach a3rd aNew Delhi:bTata McGraw Hillc,2006. axiii,598p.bNAfOriginal aIncludes Index aTelecommunication Engineering aTechnology cBK 001040708ELaUITUbUITUd2007-06-13eF.B.Cg675.00l0o621.3822 MITpQ7091r2024-09-25 07:14:28w2024-09-25yBK c9590d9590